| 000 | 00453nam a22001817a 4500 | ||
|---|---|---|---|
| 003 | koha_MIRAKIL | ||
| 005 | 20231213100016.0 | ||
| 008 | 231213b |||||||| |||| 00| 0 ||| d | ||
| 020 | _b978-9-75362910-2 | ||
| 040 |
_aTR-IsEVY _btur _cTR-IsEVY |
||
| 082 | _a793.73 URA/K | ||
| 100 | _aUral, Şakir. | ||
| 245 | 0 | _aKıran kırana zeka soruları | |
| 250 | _a15. bs. | ||
| 260 |
_bTimaş Yayınları, _c2014 |
||
| 300 | _a181 s. | ||
| 942 |
_2ddc _cBK |
||
| 999 |
_c13034 _d13034 |
||